[Event "Rennes op 4th"]
[Site "Rennes"]
[Date "2011.07.21"]
[Round "8"]
[White "Jegourel, Cyrille"]
[Black "Barbot, Pierre"]
[Result "0-1"]
[WhiteElo "2048"]
[BlackElo "2232"]
[PlyCount "72"]
[EventDate "2011.07.16"]
[EventType "swiss"]
[EventRounds "9"]
[EventCountry "FRA"]
[SourceTitle "CBM 143 Extra"]
[Source "ChessBase"]
[SourceDate "2011.08.29"]
[SourceVersion "1"]
[SourceVersionDate "2011.08.29"]
[SourceQuality "1"]

1. e4 c5 2. Nc3 Nc6 3. Nge2 d6 4. d4 cxd4 5. Nxd4 Nf6 6. g3 g6 7. Bg2 Nxd4 8. Qxd4 Bg7 9. Qd3 0-0 10. 0-0 Be6 11. Be3 Rc8 12. Nd5 Bxd5 13. exd5 Nd7 14. Bh3 Ne5 15. Qe2 Rc7 16. Rac1 Nc4 17. b3 Nxe3 18. Qxe3 Bb2 19. Rb1 Rxc2 20. Qxa7 Qc7 21. Qe3 Ra8 22. a4 Ra5 23. Rfd1 Rac5 24. b4 R5c4 25. b5 Rxa4 26. b6 Qc4 27. Bf1 Qa2 28. Qxe7 Bd4 29. Rxd4 Rxd4 30. Qe8+ Kg7 31. Re1 Rxf2 32. Qe3 Rfd2 33. Re2 Qxd5 34. Bg2 Rxe2 35. Qxe2 Rd1+ 36. Kf2 Qd4+ 0-1

[Event "FRA-chT2 West 0607"]
[Site "France"]
[Date "2007.03.18"]
[Round "9.4"]
[White "Kirszenberg, Marc"]
[Black "Jegourel, Cyrille"]
[Result "1-0"]
[WhiteElo "2183"]
[BlackElo "2058"]
[PlyCount "101"]
[EventDate "2006.10.15"]
[EventType "team"]
[EventRounds "11"]
[EventCountry "FRA"]
[SourceTitle "EXT 2008"]
[Source "ChessBase"]
[SourceDate "2007.11.25"]
[SourceVersion "1"]
[SourceVersionDate "2007.11.25"]
[SourceQuality "1"]
[WhiteTeam "Rueil Malmaison"]
[BlackTeam "Rennes Paul Bert"]
[WhiteTeamCountry "FRA"]
[BlackTeamCountry "FRA"]

1. d4 d5 2. c4 Nc6 3. Nc3 dxc4 4. d5 Ne5 5. f4 Nd7 6. e4 Nc5 7. Bxc4 e6 8. Nf3 exd5 9. Bxd5 Be6 10. 0-0 Bxd5 11. Nxd5 c6 12. Nc3 Nd3 13. Be3 Nf6 14. Qe2 Nc5 15. Rfd1 Qc7 16. e5 Ng4 17. Rac1 Nxe3 18. Qxe3 Qb6 19. Rc2 Be7 20. g3 0-0 21. Kg2 Rad8 22. Rcd2 Rxd2+ 23. Rxd2 Rd8 24. h4 Rxd2+ 25. Qxd2 Qd8 26. Qxd8+ Bxd8 27. Nd4 Nd3 28. b3 Ba5 29. Nce2 Nb4 30. a3 Nd5 31. Kf3 Kf8 32. Ke4 Nc3+ 33. Nxc3 Bxc3 34. g4 g6 35. h5 Ke7 36. f5 a6 37. a4 Kd7 38. e6+ fxe6 39. hxg6 hxg6 40. fxg6 Bxd4 41. Kxd4 Ke7 42. Ke5 a5 43. g7 Kf7 44. g8Q+ Kxg8 45. Kxe6 Kg7 46. Kd6 Kg6 47. Kc5 Kg5 48. Kb6 Kxg4 49. Kxb7 c5 50. Kb6 c4 51. bxc4 1-0

[Event "FRA-chT2 West 0607"]
[Site "France"]
[Date "2007.02.11"]
[Round "7.3"]
[White "Cairou, Yannick"]
[Black "Jegourel, Cyrille"]
[Result "0-1"]
[WhiteElo "2124"]
[BlackElo "2058"]
[PlyCount "96"]
[EventDate "2006.10.15"]
[EventType "team"]
[EventRounds "11"]
[EventCountry "FRA"]
[SourceTitle "EXT 2008"]
[Source "ChessBase"]
[SourceDate "2007.11.25"]
[SourceVersion "1"]
[SourceVersionDate "2007.11.25"]
[SourceQuality "1"]
[WhiteTeam "Le Mans"]
[BlackTeam "Rennes Paul Bert"]
[WhiteTeamCountry "FRA"]
[BlackTeamCountry "FRA"]

1. d4 d5 2. c4 Nc6 3. Nc3 dxc4 4. e3 e5 5. d5 Na5 6. Bxc4 Nxc4 7. Qa4+ Bd7 8. Qxc4 Nf6 9. Nf3 Bd6 10. Bd2 0-0 11. Rd1 a6 12. h3 Qe7 13. Ne4 Nxe4 14. Qxe4 f5 15. Qc2 e4 16. Nd4 f4 17. Qb3 Qg5 18. Kf1 f3 19. g4 Qh4 20. Ne6 Bb5+ 21. Ke1 Bg3 22. Bc3 Bxf2+ 23. Kd2 Rf7 24. Be5 Bg3 25. Bxg3 Qxg3 26. Ng5 Ba4 27. Qxa4 Qf2+ 28. Kc1 Qxe3+ 29. Kb1 Qxg5 30. Qxe4 Qg6 31. Qxg6 hxg6 32. Rhf1 Re8 33. Rf2 Re2 34. Rdf1 Rxf2 35. Rxf2 Kf8 36. Kc2 Ke7 37. Kd3 Kd6 38. Ke4 g5 39. Kd4 Rf4+ 40. Ke3 Kxd5 41. Rd2+ Ke5 42. Kf2 Rd4 43. Rc2 Kf4 44. b3 c6 45. a3 Re4 46. Rc3 Re2+ 47. Kf1 Ra2 48. b4 Kg3 0-1

[Event "FRA-chT2 0304"]
[Site "France"]
[Date "2004.01.18"]
[Round "6"]
[White "Jegourel, Cyrille"]
[Black "Cousigne, Frederic"]
[Result "0-1"]
[WhiteElo "2076"]
[BlackElo "2227"]
[PlyCount "154"]
[EventDate "2003.10.??"]
[EventType "team"]
[EventRounds "11"]
[EventCountry "FRA"]
[SourceTitle "EXT 2005"]
[Source "ChessBase"]
[SourceDate "2004.11.15"]
[SourceVersion "1"]
[SourceVersionDate "2004.11.15"]
[SourceQuality "1"]

1. e4 g6 2. h4 d5 3. h5 dxe4 4. Nc3 Nf6 5. hxg6 fxg6 6. Qe2 Nc6 7. Nxe4 e5 8. Nf3 Bg4 9. Qc4 Nxe4 10. Qxe4 Bf5 11. Qa4 Qd5 12. d3 0-0-0 13. Bd2 Bc5 14. Qb3 Qd7 15. Ng5 h6 16. Nf7 Be6 17. Qb5 Bxf2+ 18. Kxf2 Qxf7+ 19. Kg1 g5 20. Be2 g4 21. Rf1 Qg6 22. Qc5 h5 23. Qe3 Rdg8 24. Bc3 Re8 25. Bd2 h4 26. Qg5 Qxg5 27. Bxg5 h3 28. Rf6 Bd7 29. gxh3 gxh3 30. Kh2 e4 31. Rg1 Nd4 32. Bd1 exd3 33. cxd3 Bc6 34. Bg4+ Kb8 35. Bxh3 Nf3+ 36. Rxf3 Bxf3 37. Kg3 Reg8 38. Kxf3 Rxh3+ 39. Ke4 Rh2 40. Bf4 Rxg1 41. Bxh2 Rg2 42. Be5 Kc8 43. Bc3 Kd7 44. Kd4 Kc6 45. Kc4 Rg4+ 46. Kb3 Kd5 47. Kc2 Rg3 48. Bf6 Rh3 49. Bc3 b5 50. Bf6 c6 51. Bc3 Ke6 52. Bd4 a6 53. Bg7 Kf5 54. Bd4 Rh4 55. Bc3 Kf4 56. Bf6 Rg4 57. Kc3 Ke3 58. Be5 Rg5 59. Bd6 Rd5 60. Be7 c5 61. Kc2 a5 62. Bf8 a4 63. Be7 Kf4 64. Bf8 Ke5 65. Bg7+ Ke6 66. Bf8 Rf5 67. Bg7 Kd5 68. Bh8 Rf2+ 69. Kc1 b4 70. a3 b3 71. Kd1 Rc2 72. Bf6 Ke6 73. Bg7 Kf5 74. Bc3 Kf4 75. d4 c4 76. Bd2+ Ke4 77. Bc3 Kd5 0-1

[Event "FRA-chT2W 0203"]
[Site "France"]
[Date "2003.02.02"]
[Round "7"]
[White "Pasquier, Thomas"]
[Black "Jegourel, Cyrille"]
[Result "1-0"]
[WhiteElo "2239"]
[BlackElo "2156"]
[PlyCount "51"]
[EventDate "2002.10.??"]
[EventType "team"]
[EventRounds "11"]
[EventCountry "FRA"]
[SourceTitle "EXT 2004"]
[Source "ChessBase"]
[SourceDate "2003.11.25"]
[SourceVersion "1"]
[SourceVersionDate "2003.11.25"]
[SourceQuality "1"]
[WhiteTeam "Le Mans"]
[BlackTeam "Rennes"]
[WhiteTeamCountry "FRA"]
[BlackTeamCountry "FRA"]

1. e4 e5 2. Nf3 Nc6 3. Bc4 Nf6 4. d3 Bc5 5. Nbd2 d6 6. c3 a6 7. Bb3 h6 8. h3 Ba7 9. Nf1 0-0 10. g4 d5 11. Qe2 Na5 12. Bc2 dxe4 13. dxe4 Be6 14. Ne3 Bxe3 15. Qxe3 Qd6 16. Nh4 Rfd8 17. 0-0 Bc4 18. Re1 Nd7 19. Nf5 Qe6 20. b3 Bb5 21. Qf3 c5 22. g5 hxg5 23. Bxg5 f6 24. Be3 b6 25. Qg4 Qf7 26. Nh6+ 1-0

[Event "FRA-chT2W 0203"]
[Site "France"]
[Date "2002.11.16"]
[Round "2"]
[White "Jegourel, Cyrille"]
[Black "Rodier, Arnaud"]
[Result "1-0"]
[WhiteElo "2144"]
[BlackElo "2125"]
[PlyCount "65"]
[EventDate "2002.10.??"]
[EventType "team"]
[EventRounds "11"]
[EventCountry "FRA"]
[SourceTitle "EXT 2004"]
[Source "ChessBase"]
[SourceDate "2003.11.25"]
[SourceVersion "1"]
[SourceVersionDate "2003.11.25"]
[SourceQuality "1"]
[WhiteTeam "Rennes"]
[BlackTeam "Migne Auxances"]
[WhiteTeamCountry "FRA"]
[BlackTeamCountry "FRA"]

1. e4 e5 2. d4 exd4 3. Qxd4 Nc6 4. Qe3 Nf6 5. Nc3 Bb4 6. Bd2 0-0 7. 0-0-0 Re8 8. Qg3 Nxe4 9. Nxe4 Rxe4 10. c3 Bf8 11. Bd3 Re8 12. f4 d6 13. Nf3 g6 14. h4 Ne7 15. h5 Bf5 16. hxg6 hxg6 17. Qh2 Bg7 18. Bxf5 Nxf5 19. g4 Ne3 20. Rdg1 Qf6 21. f5 Kf8 22. Qf2 Nxg4 23. Rxg4 Qxf5 24. Rf4 Qd3 25. Rxf7+ Kg8 26. Ng5 Rf8 27. Rxg7+ Kxg7 28. Ne6+ Kg8 29. Nxf8 Rxf8 30. Rh8+ Kxh8 31. Qxf8+ Kh7 32. Qf7+ Kh8 33. c4 1-0

[Event "FRA-chT2W 0203"]
[Site "France"]
[Date "2002.10.13"]
[Round "1"]
[White "Vincent, Damien"]
[Black "Jegourel, Cyrille"]
[Result "1-0"]
[WhiteElo "2239"]
[BlackElo "2144"]
[PlyCount "89"]
[EventDate "2002.10.??"]
[EventType "team"]
[EventRounds "11"]
[EventCountry "FRA"]
[SourceTitle "EXT 2004"]
[Source "ChessBase"]
[SourceDate "2003.11.25"]
[SourceVersion "1"]
[SourceVersionDate "2003.11.25"]
[SourceQuality "1"]
[WhiteTeam "Brest"]
[BlackTeam "Rennes"]
[WhiteTeamCountry "FRA"]
[BlackTeamCountry "FRA"]

1. e4 e5 2. Nf3 Nc6 3. Bb5 a6 4. Bxc6 dxc6 5. 0-0 Bg4 6. d3 Qf6 7. Nbd2 Ne7 8. h3 h5 9. Re1 Ng6 10. d4 Nf4 11. hxg4 hxg4 12. Nh2 Nxg2 13. Ndf1 Nxe1 14. Qxe1 0-0-0 15. Qe2 Kb8 16. Qxg4 Rh4 17. Qg2 Be7 18. dxe5 Qe6 19. Be3 Qc4 20. Nf3 Rh7 21. Ng5 Rh5 22. Qg4 Rdh8 23. Ng3 Rh4 24. Qf5 Qxc2 25. Nxf7 Rf8 26. Qe6 Qxb2 27. Rd1 Qb4 28. Rd7 Bc5 29. Bxc5 Qxc5 30. Qe7 Qxe7 31. Rxe7 c5 32. e6 Rf4 33. Ne5 Kc8 34. Ng6 Rxf2 35. Nxf8 Rxf8 36. Rxg7 Re8 37. e7 Kd7 38. Nf5 c4 39. Kf2 b5 40. Ke3 c3 41. Kd3 b4 42. Rf7 c5 43. Rf8 c4+ 44. Kc2 a5 45. e5 1-0

[Event "FRA-ch U18"]
[Site "Hyeres"]
[Date "2002.??.??"]
[Round "3.10"]
[White "Jegourel, Cyrille"]
[Black "Forestier, Flavien"]
[Result "1-0"]
[WhiteElo "2116"]
[BlackElo "2195"]
[PlyCount "171"]
[EventDate "2002.04.05"]
[EventType "swiss"]
[EventRounds "9"]
[EventCountry "FRA"]
[SourceTitle "EXT 2003"]
[Source "ChessBase"]
[SourceDate "2002.11.25"]
[SourceVersion "1"]
[SourceVersionDate "2002.11.25"]
[SourceQuality "1"]

1. e4 e6 2. d4 d5 3. e5 c5 4. c3 Nc6 5. Nf3 Nge7 6. a3 Bd7 7. b4 cxd4 8. cxd4 Rc8 9. Bb2 Ng6 10. Nc3 Be7 11. Qd2 0-0 12. Bd3 f6 13. 0-0 fxe5 14. Bxg6 hxg6 15. Nxe5 Nxe5 16. dxe5 g5 17. Ne2 Qe8 18. Nd4 Qh5 19. Qd3 Qh7 20. Qb3 Rc4 21. Rac1 Rfc8 22. Rxc4 Rxc4 23. Rc1 Qe4 24. Qd1 Rxc1 25. Qxc1 Bd8 26. Nb3 Bb6 27. Qd2 Bc6 28. h3 d4 29. f3 d3+ 30. Kf1 Qe3 31. Qxe3 Bxe3 32. Bc3 Bb5 33. Ke1 Bf4 34. Kf2 Bc4 35. Nd2 Bxd2 36. Bxd2 Kf7 37. Bxg5 Kg6 38. Bd2 Kf5 39. Ke3 Bb5 40. Kd4 b6 41. h4 Kg6 42. g4 Bc6 43. h5+ Kf7 44. Ke3 Bb5 45. Kf4 Bc6 46. Ke3 Bb5 47. f4 Ba4 48. f5 exf5 49. gxf5 Bd1 50. Kxd3 Bxh5 51. Ke4 g6 52. fxg6+ Bxg6+ 53. Kd5 Bf5 54. Kc6 Ke6 55. Bc3 Be4+ 56. Kc7 b5 57. Kb8 Bc2 58. Kxa7 Kd5 59. Kb6 Ba4 60. Kc7 Ke6 61. Kc6 Ke7 62. Be1 Ke6 63. Bg3 Ke7 64. Bh4+ Ke6 65. Bf6 Kf5 66. Kd6 Bb3 67. Bh8 Bc4 68. Kc5 Be2 69. Kd5 Bc4+ 70. Kd4 Bb3 71. Kc5 Ba4 72. Kd6 Bb3 73. a4 bxa4 74. b5 a3 75. b6 Be6 76. b7 a2 77. b8Q a1Q 78. Qf8+ Ke4 79. Kxe6 Qa2+ 80. Kf6 Qf2+ 81. Kg7 Qg3+ 82. Kf7 Qb3+ 83. e6 Qb7+ 84. Qe7 Qd5 85. Qh4+ Ke3 86. Qd4+ 1-0

[Event "FRA-ch U18"]
[Site "Hyeres"]
[Date "2002.??.??"]
[Round "6.6"]
[White "Jegourel, Cyrille"]
[Black "Monroy, Charles"]
[Result "1/2-1/2"]
[WhiteElo "2116"]
[BlackElo "2278"]
[PlyCount "55"]
[EventDate "2002.04.05"]
[EventType "swiss"]
[EventRounds "9"]
[EventCountry "FRA"]
[SourceTitle "EXT 2003"]
[Source "ChessBase"]
[SourceDate "2002.11.25"]
[SourceVersion "1"]
[SourceVersionDate "2002.11.25"]
[SourceQuality "1"]

1. e4 c5 2. Nf3 d6 3. d4 Nf6 4. Nc3 cxd4 5. Nxd4 Nc6 6. Bc4 Qb6 7. Nb3 e6 8. Bg5 Be7 9. Bxf6 gxf6 10. Qd2 Bd7 11. 0-0-0 a6 12. f4 h5 13. Rhe1 Qc7 14. Be2 0-0-0 15. Bf3 Kb8 16. Kb1 Na5 17. Nxa5 Qxa5 18. Qd4 Bc6 19. Nd5 Bxd5 20. exd5 e5 21. Qd2 Qxd2 22. Rxd2 Bf8 23. fxe5 fxe5 24. Be4 Be7 25. Rf2 f6 26. Rf5 Rdg8 27. c3 h4 28. Kc2 1/2-1/2

[Event "Avoine op 16th"]
[Site "Avoine"]
[Date "2001.??.??"]
[Round "3"]
[White "Mol, Robert"]
[Black "Jegourel, Cyrille"]
[Result "1/2-1/2"]
[WhiteElo "2145"]
[BlackElo "2010"]
[PlyCount "44"]
[EventDate "2001.07.??"]
[EventType "swiss"]
[EventRounds "7"]
[EventCountry "FRA"]
[SourceTitle "EXT 2003"]
[Source "ChessBase"]
[SourceDate "2002.11.25"]
[SourceVersion "1"]
[SourceVersionDate "2002.11.25"]
[SourceQuality "1"]

1. d4 Nf6 2. c4 g6 3. Nc3 Bg7 4. e4 d6 5. f4 0-0 6. Nf3 c5 7. d5 b5 8. cxb5 a6 9. bxa6 Bxa6 10. Bxa6 Nxa6 11. 0-0 e6 12. dxe6 fxe6 13. e5 dxe5 14. Qxd8 Rfxd8 15. fxe5 Nd5 16. Ne4 Ndb4 17. Bg5 Rd5 18. Nf6+ Bxf6 19. Bxf6 Nd3 20. b3 Nab4 21. Ng5 Ra6 22. Bd8 Rxe5 1/2-1/2